| 000 -LEADER |
| fixed length control field |
02023cam a2200373 i 4500 |
| 001 - CONTROL NUMBER |
| control field |
19512834 |
| 003 - CONTROL NUMBER IDENTIFIER |
| control field |
OSt |
| 005 - DATE AND TIME OF LATEST TRANSACTION |
| control field |
20180116183107.0 |
| 008 - FIXED-LENGTH DATA ELEMENTS--GENERAL INFORMATION |
| fixed length control field |
170223s2017 enk b 001 0 eng |
| 010 ## - LIBRARY OF CONGRESS CONTROL NUMBER |
| LC control number |
2017000808 |
| 020 ## - INTERNATIONAL STANDARD BOOK NUMBER |
| International Standard Book Number |
9780749480394 (alk. paper) |
| 020 ## - INTERNATIONAL STANDARD BOOK NUMBER |
| Canceled/invalid ISBN |
9780749480400 (eISBN) |
| 040 ## - CATALOGING SOURCE |
| Original cataloging agency |
DLC |
| Language of cataloging |
eng |
| Transcribing agency |
DLC |
| Description conventions |
rda |
| Modifying agency |
DLC |
| 042 ## - AUTHENTICATION CODE |
| Authentication code |
pcc |
| 050 00 - LIBRARY OF CONGRESS CALL NUMBER |
| Classification number |
HD45 |
| Item number |
P4177 2017 |
| 082 00 - DEWEY DECIMAL CLASSIFICATION NUMBER |
| Classification number |
658.406 |
| Edition number |
23 |
| 100 1# - MAIN ENTRY--PERSONAL NAME |
| Personal name |
Perkin, Neil. |
| Relator term |
author. |
| 245 10 - TITLE STATEMENT |
| Title |
Building the agile business through digital transformation . |
| Statement of responsibility, etc. |
Neil Perkin, Peter Abraham. |
| 250 ## - EDITION STATEMENT |
| Edition statement |
1st Edition. |
| 260 ## - PUBLICATION, DISTRIBUTION, ETC. |
| Place of publication, distribution, etc. |
London |
| Name of publisher, distributor, etc. |
Kogan Page. |
| Date of publication, distribution, etc. |
2017. |
| 300 ## - PHYSICAL DESCRIPTION |
| Extent |
ix, 275 pages . |
| Dimensions |
24 cm |
| 500 ## - GENERAL NOTE |
| General note |
Paper Cover. |
| 504 ## - BIBLIOGRAPHY, ETC. NOTE |
| Bibliography, etc. note |
Includes bibliographical references and index. |
| 505 0# - FORMATTED CONTENTS NOTE |
| Formatted contents note |
Acknowledgements -- The digital-native organization -- The key forces for change -- How digital disrupts -- What's stopping you? -- Defining digital transformation -- Velocity -- Operating in the "ambiguity zone" -- Digital-native processes -- The agile innovation process -- Focus -- The role of vision and purpose -- Agile strategy and planning -- Linking strategy to execution -- Flexibility -- Agile structures and resourcing -- Scaling agility -- Building the culture to move fast -- A blueprint for flexibility : autonomy, mastery and purpose -- Digital-native talent -- The transformation journey -- The five dimensions of change -- Index. |
| 600 ## - SUBJECT ADDED ENTRY--PERSONAL NAME |
| Personal name |
Perkin, Neil. |
| 650 #0 - SUBJECT ADDED ENTRY--TOPICAL TERM |
| Topical term or geographic name entry element |
Business enterprises |
| General subdivision |
Technological innovations. |
| 650 #0 - SUBJECT ADDED ENTRY--TOPICAL TERM |
| Topical term or geographic name entry element |
Strategic planning. |
| 650 #0 - SUBJECT ADDED ENTRY--TOPICAL TERM |
| Topical term or geographic name entry element |
Creative ability in business. |
| 700 1# - ADDED ENTRY--PERSONAL NAME |
| Personal name |
Abraham, Peter, |
| Dates associated with a name |
1960- |
| Relator term |
author. |
| 776 08 - ADDITIONAL PHYSICAL FORM ENTRY |
| Relationship information |
Online version: |
| Main entry heading |
Perkin, Neil, author. |
| Title |
Building the agile business through digital transformation |
| Edition |
1st Edition. |
| Place, publisher, and date of publication |
New York : Kogan Page Ltd, [2017] |
| International Standard Book Number |
9780749480400 |
| Record control number |
(DLC) 2017009073 |
| 906 ## - LOCAL DATA ELEMENT F, LDF (RLIN) |
| a |
7 |
| b |
cbc |
| c |
orignew |
| d |
1 |
| e |
ecip |
| f |
20 |
| g |
y-gencatlg |
| 942 ## - ADDED ENTRY ELEMENTS (KOHA) |
| Source of classification or shelving scheme |
|
| Koha item type |
Book |
| Call number prefix |
658.406 |